|
|
|
|
| LEADER |
01644nam a2200397 a 4500 |
| 001 |
nkc20061695145 |
| 003 |
CZ PrNK |
| 005 |
20070302130624.0 |
| 007 |
ta |
| 008 |
061027s2006 xr a e p 000 0 cze |
| 015 |
|
|
|a cnb001695145
|
| 020 |
|
|
|a 80-86898-99-7
|q (brož.)
|
| 035 |
|
|
|a (OCoLC)124088993
|
| 040 |
|
|
|a ABA001
|b cze
|d BOA001
|
| 072 |
|
7 |
|a 330.5+338
|x Národní hospodářství a hospodářská politika
|2 Konspekt
|9 4
|
| 072 |
|
7 |
|a 37.016
|x Učební osnovy. Vyučovací předměty. Učebnice
|2 Konspekt
|9 22
|
| 080 |
|
|
|a 338.2
|2 MRF
|
| 080 |
|
|
|a (075.8)
|2 MRF
|
| 100 |
1 |
|
|a Kubíček, Jan
|7 ola2003167524
|4 aut
|
| 245 |
1 |
0 |
|a Hospodářská politika /
|c Jan Kubíček a kolektiv
|
| 260 |
|
|
|a Plzeň :
|b Vydavatelství a nakladatelství Aleš Čeněk,
|c 2006
|
| 300 |
|
|
|a 302 s. :
|b il. ;
|c 21 cm
|
| 490 |
1 |
|
|a Vysokoškolské učebnice
|
| 504 |
|
|
|a Obsahuje bibliografie a bibliografické odkazy
|
| 650 |
0 |
7 |
|a hospodářská politika
|7 ph114701
|2 czenas
|
| 650 |
0 |
9 |
|a economic policy
|2 eczenas
|
| 655 |
|
7 |
|a učebnice vysokých škol
|7 fd133772
|2 czenas
|
| 655 |
|
9 |
|a textbooks (higher)
|2 eczenas
|
| 830 |
|
0 |
|a Vysokoškolské učebnice (Vydavatelství a nakladatelství Aleš Čeněk)
|0 s
|
| 856 |
4 |
1 |
|u http://www.digitalniknihovna.cz/mzk/uuid/uuid:06e6e9f0-9363-11e5-ac67-005056827e51
|y Digitalizovaný dokument
|x NDK
|
| 910 |
2 |
|
|a BOA001
|b 2-1177.442
|
| 990 |
|
|
|a BK
|
| 995 |
|
|
|a 01
|
| 991 |
|
|
|b 200612
|c NOV
|
| 996 |
6 |
|
|b 2610295114
|c 2-1177.442
|l MZK
|r Sklad / do 1 hodiny
|n 7
|p p.v.
|w 000834350
|u 000010
|a 1
|e BOA001
|j MZK50
|s P
|
| 996 |
7 |
|
|b 2610303958
|c 2-1177.442
|l MZK
|r Sklad / do 1 hodiny
|n 58
|p kup
|w 000834350
|u 000020
|a 1
|e BOA001
|j MZK50
|s A
|